00386cam a2200157ua 450000100060000000800390000602000180004504000090006308200100007210000260008224500530010825000170016126000260017830000100020465300140021410321180329n ii |||gr||||Z||||||eng a9780706985252 cMAIN a370.9 aSodhi, T.S.,eAuthor. aTextbook of comparative educationcBy T.S. Sodhi a6th rev. ed. aNoida:bVikas,c2014. a381p. aEducation